|
|
|
|
| LEADER |
01050nam a22002537a 4500 |
| 001 |
AAL7967 |
| 003 |
BD-DhAAL |
| 005 |
20160302102406.0 |
| 008 |
160302m20111992bg ||||| |||| 001 0 ben d |
| 020 |
|
|
|a 9847015602390
|
| 040 |
|
|
|a BD-DhAAL
|c BD-DhAAL
|
| 082 |
|
|
|a 100
|
| 100 |
|
|
|a ইসলাম, আমিনুল
|9 18288
|
| 245 |
|
|
|a জগৎ জীবন দর্শন /
|c আমিনুল ইসলাম
|
| 260 |
|
|
|a ঢাকা :
|b মাওলা ব্রাদার্স,
|c ২০১১
|
| 300 |
|
|
|a ৩৭৬ পৃ. ;
|c ২২ সে.মি.
|
| 500 |
|
|
|a Includes index
|
| 541 |
|
|
|e 7967
|
| 650 |
|
|
|a Philosophy
|9 18289
|
| 852 |
|
|
|a Savar Campus Library
|c General Shelf
|
| 942 |
|
|
|2 ddc
|c BK
|
| 999 |
|
|
|c 36997
|d 36997
|
| 952 |
|
|
|0 0
|1 0
|2 ddc
|4 0
|6 100_000000000000000_ISL
|7 0
|9 58238
|a SCL
|b SCL
|c GEN
|d 2016-03-02
|g 250.00
|l 0
|o 100 ISL
|p 3020007967
|r 2016-03-02
|t 1
|w 2016-03-02
|y BK
|
| 952 |
|
|
|0 0
|1 0
|2 ddc
|4 0
|6 100_000000000000000_ISL
|7 0
|9 58239
|a SCL
|b SCL
|c GEN
|d 2016-03-02
|g 250.00
|l 1
|o 100 ISL
|p 3020007966
|r 2022-09-28
|s 2022-09-28
|t 2
|w 2016-03-02
|y BK
|